Scientific management of transport systems : revised and edited version of selected papers presented at the International Conference on Transportation held at New Delhi, India, November 26-28, 1980 /

Bibliographic Details
Corporate Authors: International Conference on Transportation New Delhi, India, International Federation of Operational Research Societies, Operational Research Society of India
Other Authors: Jaiswal, N. K.
Format: Conference Proceeding Book
Language:English
Published: Amsterdam ; New York : North-Holland Pub. Co. ; [1981]
Subjects:

MARC

Tag First Indicator Second Indicator Subfields
LEADER 00000cam a22000008a 4500
001 in00000076785
005 20151008053758.0
008 810504s1981 ne a b 10110 eng
010 |a  81038382  
020 |a 0444862056 
035 |a (OCoLC)07554342 
035 |9 AAH8607AM 
039 0 |a 2  |b 3  |c 3  |d 3  |e 3 
040 |a DLC  |c DLC  |d TXA  |d UtOrBLW 
049 |a TXAM  |c [1406687] 
050 0 0 |a HE11  |b .I557 1980 
082 0 |a 380.5/068  |2 19 
111 2 |a International Conference on Transportation  |d (1980 :  |c New Delhi, India) 
245 1 0 |a Scientific management of transport systems :  |b revised and edited version of selected papers presented at the International Conference on Transportation held at New Delhi, India, November 26-28, 1980 /  |c organised by the International Federation of Operational Research Societies and the Operational Research Society of India ; edited by N.K. Jaiswal. 
263 |a 8107 
264 1 |a Amsterdam ;  |a New York :  |b North-Holland Pub. Co. ;  |c [1981] 
264 2 |a New York, N.Y. :  |b Sole distributors for the U.S.A. and Canada, Elsevier North-Holland, 
264 4 |c ©1981 
300 |a ix, 377 pages :  |b illustrations ;  |c 23 cm. 
336 |a text  |b txt  |2 rdacontent 
337 |a unmediated  |b n  |2 rdamedia 
338 |a volume  |b nc  |2 rdacarrier 
504 |a Includes bibliographies and indexes. 
650 0 |a Transportation  |x Management  |x Congresses. 
700 1 |a Jaiswal, N. K. 
710 2 |a International Federation of Operational Research Societies. 
710 2 |a Operational Research Society of India. 
999 |a MARS 
999 f f |s 266c9e8a-623a-3c6d-ba7b-20ca51d8122a  |i 3f992aec-a374-374c-affc-1e8e55d74176  |t 0 
952 f f |p ric  |a Texas A&M University  |b Rellis Campus  |c Joint Library Facility  |d Remote Storage  |t 0  |e HE11 .I557 1980  |h Library of Congress classification  |i unmediated -- volume  |m A14806132404 
998 f f |a HE11 .I557 1980  |t 0  |l Remote Storage